[Event "2. Koege Weekend EMT 2021"]
[Site "Koge"]
[Date "2021.05.15"]
[Round "3"]
[White "Moe, Mogens"]
[Black "Brondal, Paul"]
[Result "0-1"]
[WhiteElo "2154"]
[BlackElo "2057"]
[PlyCount "122"]
[EventDate "2021.05.14"]
[EventType "swiss"]
[EventRounds "5"]
[EventCountry "DEN"]

1. e4 c5 2. Nf3 d6 3. d4 cxd4 4. Nxd4 Nf6 5. Nc3 a6 6. Bg5 e6 7. f4 Be7 8. Qf3
Qc7 9. O-O-O Nbd7 10. g4 b5 11. a3 Bb7 12. Bxf6 Nxf6 13. g5 Nd7 14. h4 Rc8 15.
Rh3 Nb6 16. h5 d5 17. g6 dxe4 18. gxf7+ Kxf7 19. Qg4 Rhd8 20. h6 g6 21. Qxe6+
Kf8 22. Bg2 Rd6 23. Qg4 Qc4 24. Bf1 Qf7 25. f5 gxf5 26. Qg7+ Qxg7 27. hxg7+ Kg8
28. Nxf5 Bg5+ 29. Kb1 Rxd1+ 30. Nxd1 Rc5 31. Nd4 Rd5 32. c3 Kxg7 33. Ne3 Bxe3
34. Rxe3 Re5 35. Kc1 Kf6 36. Bh3 Nd5 37. Rg3 Nf4 38. Kd2 e3+ 39. Ke1 Nd3+ 40.
Ke2 Nxb2 41. Rxe3 Rxe3+ 42. Kxe3 Nc4+ 43. Kd3 Nxa3 44. Nb3 Bd5 45. Nc5 a5 46.
Nd7+ Ke7 47. Nb6 Be6 48. Bg2 Nc4 49. Nd5+ Bxd5 50. Bxd5 Nd6 51. Bf3 a4 52. Kc2
Kf6 53. Kb2 Kg5 54. Ka3 Kf4 55. Bc6 Ke5 56. Bf3 Nc4+ 57. Ka2 Kd6 58. Bh5 Kc5
59. Be8 Nd6 60. Bh5 Ne4 61. Kb2 Nf6 0-1

[Event "2. Koege Weekend EMT 2021"]
[Site "Koge"]
[Date "2021.05.15"]
[Round "3"]
[White "Liu, Casper Yukun"]
[Black "Holmsoe, Finn"]
[Result "1-0"]
[WhiteElo "2127"]
[BlackElo "2029"]
[PlyCount "95"]
[EventDate "2021.05.14"]
[EventType "swiss"]
[EventRounds "5"]
[EventCountry "DEN"]

1. d4 Nf6 2. Bf4 d6 3. Nc3 c6 4. e4 Qa5 5. Bd3 e5 6. dxe5 dxe5 7. Bg5 Nbd7 8.
Nge2 Be7 9. O-O O-O 10. a3 Re8 11. Ng3 h6 12. Be3 Nf8 13. b4 Qc7 14. h3 Ng6 15.
Nf5 Bxf5 16. exf5 Nf4 17. Bc4 b5 18. Bb3 a5 19. Qf3 axb4 20. axb4 Bxb4 21. Nxb5
Qd7 22. Rxa8 Rxa8 23. Bxf4 exf4 24. Rd1 Qxf5 25. Nd4 Qe4 26. Nxc6 Qxf3 27. gxf3
Bc5 28. Ne5 Kf8 29. Bxf7 Ke7 30. Bb3 g5 31. Nf7 Ng8 32. Rd5 Ba3 33. Rb5 Kf6 34.
Rb6+ Kg7 35. Ne5 Ne7 36. Re6 Bc5 37. Nd3 Ra1+ 38. Kh2 Nf5 39. Nxc5 Nd4 40. Re7+
Kf8 41. Rf7+ Ke8 42. Kg2 Nxb3 43. Nxb3 Ra6 44. Rc7 Kd8 45. Rh7 Rc6 46. Nd4 Rc4
47. Ne6+ Kc8 48. Rxh6 1-0

[Event "2. Koege Weekend EMT 2021"]
[Site "Koge"]
[Date "2021.05.16"]
[Round "4"]
[White "Boe Olsen, Filip"]
[Black "Sylvan, Jacob"]
[Result "1/2-1/2"]
[WhiteElo "2398"]
[BlackElo "2297"]
[PlyCount "27"]
[EventDate "2021.05.14"]
[EventType "swiss"]
[EventRounds "5"]
[EventCountry "DEN"]

1. d4 Nf6 2. c4 e6 3. Nf3 Bb4+ 4. Bd2 Bxd2+ 5. Nbxd2 O-O 6. e4 d6 7. Be2 e5 8.
d5 a5 9. a3 c6 10. O-O Qb6 11. Qc2 Na6 12. Rab1 Bd7 13. b3 cxd5 14. exd5
1/2-1/2

[Event "2. Koege Weekend EMT 2021"]
[Site "Koge"]
[Date "2021.05.16"]
[Round "4"]
[White "Kistrup, Nicolai"]
[Black "Jacobsen, Mikkel Manosri"]
[Result "1/2-1/2"]
[WhiteElo "2220"]
[BlackElo "2286"]
[PlyCount "105"]
[EventDate "2021.05.14"]
[EventType "swiss"]
[EventRounds "5"]
[EventCountry "DEN"]

1. d4 Nf6 2. c4 e6 3. Nc3 d5 4. cxd5 exd5 5. Bg5 Be7 6. e3 Nbd7 7. Bd3 h6 8.
Bh4 a6 9. Nf3 b5 10. O-O Bb7 11. Rc1 O-O 12. Ne2 Re8 13. Qc2 c6 14. Bf5 Qa5 15.
Bxf6 Nxf6 16. Ne5 Bd6 17. Nxc6 Qb6 18. Rfd1 Rac8 19. Bxc8 Rxc8 20. Qf5 Rxc6 21.
Rxc6 Qxc6 22. Rc1 Qe8 23. Ng3 Qe6 24. Qc2 g6 25. Ne2 Kg7 26. Nf4 Qe7 27. a4 b4
28. Nd3 a5 29. Nc5 Bc8 30. Qe2 h5 31. h3 Ne4 32. Nxe4 Qxe4 33. Qb5 Be6 34. Qb6
Be7 35. Qxa5 g5 36. Qc7 Bf6 37. a5 Qd3 38. Qc6 g4 39. hxg4 hxg4 40. Qc2 Qa6 41.
Qc5 g3 42. Qxb4 gxf2+ 43. Kxf2 Bg4 44. Kg1 Bg5 45. Qe1 Qd3 46. Rc3 Qg6 47. b4
Bf3 48. Qf2 Qb1+ 49. Kh2 Qh7+ 50. Kg1 Qb1+ 51. Kh2 Qh7+ 52. Kg1 Qb1+ 53. Kh2
1/2-1/2

[Event "2. Koege Weekend EMT 2021"]
[Site "Koge"]
[Date "2021.05.16"]
[Round "4"]
[White "Ramsdal, Jens Albert"]
[Black "Bjerre, Jonas Buhl"]
[Result "0-1"]
[WhiteElo "2267"]
[BlackElo "2557"]
[PlyCount "72"]
[EventDate "2021.05.14"]
[EventType "swiss"]
[EventRounds "5"]
[EventCountry "DEN"]

1. d4 Nf6 2. c4 e6 3. Nf3 c5 4. d5 exd5 5. cxd5 d6 6. Nc3 g6 7. Bf4 Bg7 8. e3
O-O 9. Be2 Na6 10. O-O Nc7 11. a4 Nh5 12. Bg5 f6 13. Bh4 g5 14. Nd2 gxh4 15.
Bxh5 f5 16. f4 Bxc3 17. bxc3 Nxd5 18. Nc4 Be6 19. Qd3 Qf6 20. Rac1 Rad8 21. Bf3
Qf7 22. Na5 Rd7 23. Rfd1 Nf6 24. Bxb7 Rxb7 25. Nxb7 Qxb7 26. Qxd6 Qe4 27. Qxc5
Bd5 28. Rd2 h3 29. c4 Bc6 30. Qd4 hxg2 31. Qxe4 Bxe4 32. c5 Rc8 33. c6 Kf7 34.
c7 Nd5 35. Rc6 Nxf4 36. Rh6 Rxc7 0-1

[Event "2. Koege Weekend EMT 2021"]
[Site "Koge"]
[Date "2021.05.16"]
[Round "4"]
[White "Thorsbro, Peter"]
[Black "Bromann, Thorbjorn"]
[Result "1/2-1/2"]
[WhiteElo "2195"]
[BlackElo "2392"]
[PlyCount "111"]
[EventDate "2021.05.14"]
[EventType "swiss"]
[EventRounds "5"]
[EventCountry "DEN"]

1. d4 e6 2. Nf3 Nf6 3. g3 b5 4. Bg2 Bb7 5. O-O c5 6. a4 b4 7. Nbd2 d5 8. c3 a5
9. Re1 bxc3 10. bxc3 cxd4 11. Nxd4 Na6 12. Rb1 Rb8 13. Nc4 Ba8 14. Bf4 dxc4 15.
Rxb8 Nxb8 16. Bxa8 Bc5 17. Qb1 O-O 18. Rd1 Nbd7 19. Bg2 Qb6 20. Qxb6 Nxb6 21.
Bc7 Nxa4 22. Bxa5 Nb6 23. Nc6 Nbd7 24. Bd8 Bb6 25. Be7 Re8 26. Bb4 h6 27. h3 g6
28. Kf1 Kg7 29. e4 Nc5 30. Bxc5 Bxc5 31. e5 Ng8 32. Na5 Re7 33. Nxc4 Ra7 34.
Rd2 Ra4 35. Nd6 f6 36. Ne4 Be7 37. exf6+ Nxf6 38. Nxf6 Kxf6 39. Ke2 g5 40. Rc2
Bc5 41. Bc6 Ra6 42. Be4 Ra4 43. Kd3 Ba7 44. f4 gxf4 45. gxf4 Bb8 46. Rf2 Ra5
47. Kc4 Ra4+ 48. Kd3 Ra5 49. Rf3 Rh5 50. c4 Bc7 51. Kd4 Bb6+ 52. Kc3 Bc7 53.
Kd4 Bb6+ 54. Kc3 Bc7 55. Kd4 Bb6+ 56. Kc3 1/2-1/2

[Event "2. Koege Weekend EMT 2021"]
[Site "Koge"]
[Date "2021.05.16"]
[Round "4"]
[White "Nielsen, Viktor Haarmark"]
[Black "Pedersen, Henrik Dahl"]
[Result "1/2-1/2"]
[WhiteElo "2293"]
[BlackElo "2241"]
[PlyCount "164"]
[EventDate "2021.05.14"]
[EventType "swiss"]
[EventRounds "5"]
[EventCountry "DEN"]

1. e4 e5 2. Nf3 Nc6 3. Bb5 Nf6 4. d3 Bc5 5. Bxc6 dxc6 6. O-O Bg4 7. h3 Bxf3 8.
Qxf3 Qe7 9. Nd2 Nd7 10. Nc4 O-O-O 11. Bd2 f6 12. Rfb1 Nb6 13. Ne3 Bxe3 14. Bxe3
Na4 15. Bd2 c5 16. b3 Nb6 17. a4 Rd6 18. Qe3 Rc6 19. b4 Kb8 20. b5 Re6 21. Bc1
Nc8 22. Qg3 g5 23. Be3 Rd8 24. Qg4 b6 25. Rd1 Red6 26. Ra3 Qf7 27. g3 h5 28.
Qe2 R6d7 29. c4 Rd6 30. Kh2 Qh7 31. a5 R8d7 32. f4 h4 33. fxe5 hxg3+ 34. Kxg3
Qh4+ 35. Kg2 fxe5 36. Qg4 Qh7 37. Rf1 Qg8 38. Rd1 Ne7 39. axb6 cxb6 40. Bf2 Ng6
41. Bg3 Rf7 42. Ra2 Nf4+ 43. Kh2 Rh6 44. Bxf4 Rxf4 45. Qd7 Rf7 46. Qg4 Rh4 47.
Qg3 Rhf4 48. Rg1 g4 49. h4 Qh8 50. Kg2 Qf6 51. Kh1 Rg7 52. Rgg2 Rf1+ 53. Kh2
Rf3 54. Raf2 Rf4 55. Kg1 Qd6 56. h5 Qh6 57. Qh4 g3 58. Qd8+ Kb7 59. Qd5+ Kc8
60. Qa8+ Kd7 61. Qxa7+ Ke8 62. Qb8+ Kf7 63. Ra2 Qxh5 64. Ra7+ Kg6 65. Rxg3+ Rg4
66. Qd6+ Kh7 67. Rxg7+ Rxg7 68. Rxg7+ Kxg7 69. Qc7+ Kg8 70. Qd8+ Kf7 71. Qd7+
Kf6 72. Qd8+ Kf7 73. Qc7+ Kf8 74. Qd6+ Kf7 75. Kf2 Qh2+ 76. Ke3 Qg3+ 77. Kd2
Qf2+ 78. Kc3 Qe1+ 79. Kc2 Qe2+ 80. Kc3 Qe1+ 81. Kc2 Qe2+ 82. Kc3 Qe1+ 1/2-1/2

[Event "2. Koege Weekend EMT 2021"]
[Site "Koge"]
[Date "2021.05.16"]
[Round "4"]
[White "Brondt, Nicolai Kvist"]
[Black "Easwaralingam, Adesh"]
[Result "1/2-1/2"]
[WhiteElo "2270"]
[BlackElo "2150"]
[PlyCount "61"]
[EventDate "2021.05.14"]
[EventType "swiss"]
[EventRounds "5"]
[EventCountry "DEN"]

1. d4 Nf6 2. c4 e6 3. Nc3 Bb4 4. e3 O-O 5. Bd3 d5 6. Nge2 c5 7. cxd5 cxd4 8.
exd4 Nxd5 9. O-O Nc6 10. Nxd5 exd5 11. Nf4 Bd6 12. Re1 Ne7 13. Qf3 Ng6 14. Nxg6
hxg6 15. Bf4 Bxf4 16. Qxf4 Bd7 17. Re5 Qb6 18. b3 Rae8 19. h4 Rxe5 20. dxe5 f6
21. exf6 Rxf6 22. Qg3 Bf5 23. Bxf5 Rxf5 24. Rd1 Kh7 25. Rd2 Qb4 26. Re2 Rf4 27.
h5 gxh5 28. Qd3+ g6 29. Qxd5 Rd4 30. Qg5 Re4 31. Rxe4 1/2-1/2

[Event "2. Koege Weekend EMT 2021"]
[Site "Koge"]
[Date "2021.05.16"]
[Round "4"]
[White "Eriksson, Christian Altenburg"]
[Black "Meskenas, Paulius"]
[Result "1-0"]
[WhiteElo "2142"]
[BlackElo "2062"]
[PlyCount "45"]
[EventDate "2021.05.14"]
[EventType "swiss"]
[EventRounds "5"]
[EventCountry "DEN"]

1. e4 e5 2. Nf3 Nc6 3. d4 exd4 4. Nxd4 Nf6 5. Nc3 Bb4 6. Nxc6 bxc6 7. Bd3 h6 8.
O-O O-O 9. Qf3 d6 10. Bf4 Bg4 11. Qg3 Qd7 12. f3 Bc5+ 13. Kh1 Bh5 14. Bxh6 Bg6
15. Bg5 Nh7 16. Bf4 Rab8 17. Bc4 Kh8 18. Rad1 Qe7 19. Na4 Bb6 20. Nxb6 axb6 21.
Bb3 Bh5 22. e5 g5 23. exd6 1-0

[Event "2. Koege Weekend EMT 2021"]
[Site "Koge"]
[Date "2021.05.16"]
[Round "4"]
[White "Brondal, Paul"]
[Black "Liu, Casper Yukun"]
[Result "0-1"]
[WhiteElo "2057"]
[BlackElo "2127"]
[PlyCount "74"]
[EventDate "2021.05.14"]
[EventType "swiss"]
[EventRounds "5"]
[EventCountry "DEN"]

1. c4 Nf6 2. g3 c6 3. Nf3 d5 4. b3 Bg4 5. Bg2 e6 6. Bb2 Nbd7 7. d4 Bb4+ 8. Nfd2
O-O 9. a3 Bd6 10. O-O Qe7 11. Nc3 e5 12. dxe5 Bxe5 13. Nf3 dxc4 14. bxc4 Rad8
15. Qc2 Be6 16. Nxe5 Nxe5 17. Nd5 Bxd5 18. cxd5 Nxd5 19. Rad1 Nb6 20. Qf5 Nec4
21. Bxg7 Kxg7 22. Be4 Rh8 23. Qg4+ Kf8 24. Qf4 h5 25. Bg6 Rxd1 26. Rxd1 Kg7 27.
Bd3 Nb2 28. Rd2 Nxd3 29. Rxd3 Rd8 30. Re3 Qf6 31. Qe4 Rd1+ 32. Kg2 Qe6 33. Qc2
Qd5+ 34. Rf3 Nc4 35. e4 Rd2 36. Qb1 Qb5 37. Qa1+ Qb2 0-1

[Event "2. Koege Weekend EMT 2021"]
[Site "Koge"]
[Date "2021.05.16"]
[Round "4"]
[White "Falkesgaard, Jeppe Hald"]
[Black "Kakulidis, Ellen"]
[Result "1/2-1/2"]
[WhiteElo "1986"]
[BlackElo "2103"]
[PlyCount "109"]
[EventDate "2021.05.14"]
[EventType "swiss"]
[EventRounds "5"]
[EventCountry "DEN"]

1. c4 e6 2. Nc3 d5 3. d4 Be7 4. Nf3 Nf6 5. Bg5 Nbd7 6. e3 h6 7. Bh4 O-O 8. cxd5
Nxd5 9. Bxe7 Nxe7 10. Bd3 b6 11. O-O Bb7 12. Be4 Qc8 13. Rc1 Nf6 14. Bxb7 Qxb7
15. Ne5 Rac8 16. Qf3 Qxf3 17. gxf3 c5 18. Rfd1 cxd4 19. Rxd4 Ned5 20. e4 Nxc3
21. Rxc3 Rxc3 22. bxc3 Rc8 23. Rc4 Rxc4 24. Nxc4 Nd7 25. Kf1 Kf8 26. Nd6 a6 27.
Ke2 g5 28. Ke3 Ne5 29. h3 b5 30. f4 gxf4+ 31. Kxf4 f6 32. Nb7 Ke7 33. Nc5 a5
34. Nb3 Nc4 35. Kg4 e5 36. Kh5 a4 37. Nc5 f5 38. exf5 Kf6 39. Kg4 h5+ 40. Kxh5
Kxf5 41. h4 e4 42. Kh6 Ne5 43. h5 Nd3 44. Nxe4 Kxe4 45. Kg7 Nc5 46. h6 Ne6+ 47.
Kf6 Nf8 48. Kf7 Nh7 49. Kg7 Ng5 50. Kg6 Kf4 51. Kg7 Kf3 52. Kg6 Kf4 53. Kg7 Kf3
54. Kg6 Kf4 55. Kg7 1/2-1/2

[Event "2. Koege Weekend EMT 2021"]
[Site "Koge"]
[Date "2021.05.16"]
[Round "4"]
[White "Holmsoe, Finn"]
[Black "Moe, Mogens"]
[Result "1-0"]
[WhiteElo "2029"]
[BlackElo "2154"]
[PlyCount "81"]
[EventDate "2021.05.14"]
[EventType "swiss"]
[EventRounds "5"]
[EventCountry "DEN"]

1. e4 c5 2. Nc3 Nc6 3. g3 g6 4. Bg2 Bg7 5. d3 e6 6. Be3 d6 7. Qd2 Nd4 8. Nd1 e5
9. c3 Ne6 10. Ne2 Ne7 11. Bh6 Bxh6 12. Qxh6 Qb6 13. Qd2 Bd7 14. Ne3 O-O-O 15.
Nd5 Nxd5 16. exd5 Ng7 17. O-O f5 18. Rab1 Nh5 19. c4 Rhf8 20. f4 Rde8 21. Kh1
Nf6 22. b4 e4 23. bxc5 Qxc5 24. d4 Qc7 25. Rfc1 Kb8 26. Qb4 Ka8 27. a4 b6 28.
Nc3 Rb8 29. Nb5 Bxb5 30. axb5 Rbc8 31. Qb2 Rfe8 32. Ra1 Qe7 33. Ra6 e3 34. c5
e2 35. Re1 Qe3 36. Qa2 Ng4 37. Rxa7+ Kb8 38. Rb7+ Kxb7 39. Qa6+ Kc7 40. Qxb6+
Kd7 41. Qxd6# 1-0

[Event "2. Koege Weekend EMT 2021"]
[Site "Koge"]
[Date "2021.05.16"]
[Round "5"]
[White "Bjerre, Jonas Buhl"]
[Black "Boe Olsen, Filip"]
[Result "1-0"]
[WhiteElo "2557"]
[BlackElo "2398"]
[PlyCount "55"]
[EventDate "2021.05.14"]
[EventType "swiss"]
[EventRounds "5"]
[EventCountry "DEN"]

1. d4 d5 2. c4 c6 3. Nf3 Nf6 4. g3 Bf5 5. Nc3 e6 6. Nh4 Be4 7. f3 Bg6 8. Qb3
Qb6 9. Nxg6 hxg6 10. c5 Qc7 11. e4 dxe4 12. Bf4 Qc8 13. fxe4 Nh5 14. O-O-O Be7
15. Bc4 Nxf4 16. gxf4 Qc7 17. d5 exd5 18. exd5 Bxc5 19. Rhe1+ Kf8 20. d6 Bxd6
21. Rxd6 Qxd6 22. Qxb7 Qxf4+ 23. Kb1 Kg8 24. Qxa8 Kh7 25. Re4 Qxh2 26. Qxa7 f5
27. Re1 g5 28. Qf7 1-0

[Event "2. Koege Weekend EMT 2021"]
[Site "Koge"]
[Date "2021.05.16"]
[Round "5"]
[White "Sylvan, Jacob"]
[Black "Kistrup, Nicolai"]
[Result "1-0"]
[WhiteElo "2297"]
[BlackElo "2220"]
[PlyCount "63"]
[EventDate "2021.05.14"]
[EventType "swiss"]
[EventRounds "5"]
[EventCountry "DEN"]

1. c4 c5 2. Nc3 Nc6 3. g3 g6 4. Bg2 Bg7 5. Nf3 e6 6. d4 cxd4 7. Nb5 d5 8. cxd5
Qa5+ 9. Nd2 exd5 10. Nd6+ Ke7 11. Nxc8+ Rxc8 12. O-O Nf6 13. Nb3 Qb6 14. e3 d3
15. Qxd3 Rhd8 16. Bd2 Nb4 17. Qd4 Qxd4 18. Nxd4 Nd3 19. Rad1 Nxb2 20. Rb1 Nc4
21. Rxb7+ Ke8 22. Bb4 Rb8 23. Re7+ Kf8 24. Bc5 Rdc8 25. Rb7+ Ke8 26. Re7+ Kf8
27. Rc7+ Ke8 28. Rxc8+ Rxc8 29. Bxa7 Ra8 30. Nb5 Kd7 31. Rc1 Rc8 32. Bh3+ 1-0

[Event "2. Koege Weekend EMT 2021"]
[Site "Koge"]
[Date "2021.05.16"]
[Round "5"]
[White "Jacobsen, Mikkel Manosri"]
[Black "Eriksson, Christian Altenburg"]
[Result "1-0"]
[WhiteElo "2286"]
[BlackElo "2142"]
[PlyCount "73"]
[EventDate "2021.05.14"]
[EventType "swiss"]
[EventRounds "5"]
[EventCountry "DEN"]

1. Nf3 c5 2. e3 g6 3. d4 Bg7 4. Be2 cxd4 5. exd4 d5 6. Bf4 Nf6 7. Nc3 O-O 8. h4
Bg4 9. Ne5 Bxe2 10. Qxe2 Nh5 11. Bh2 f6 12. Nf3 Qd7 13. Qb5 Qe6+ 14. Kf1 Nc6
15. Qxd5 Qxd5 16. Nxd5 Rad8 17. Nc7 Nxd4 18. Nxd4 Rxd4 19. Ne6 Rxh4 20. Nxf8
Bxf8 21. Ke2 Rb4 22. b3 e5 23. c3 Rb6 24. Rhd1 Bd6 25. b4 Ng7 26. f4 Bc7 27.
fxe5 Re6 28. Rd7 Ne8 29. Kd2 fxe5 30. Re1 Rd6+ 31. Rxd6 Nxd6 32. Kd3 Nf7 33.
Kc4 Kf8 34. Kd5 Ke7 35. c4 Kd7 36. a4 a6 37. c5 1-0

[Event "2. Koege Weekend EMT 2021"]
[Site "Koge"]
[Date "2021.05.16"]
[Round "5"]
[White "Pedersen, Henrik Dahl"]
[Black "Thorsbro, Peter"]
[Result "0-1"]
[WhiteElo "2241"]
[BlackElo "2195"]
[PlyCount "156"]
[EventDate "2021.05.14"]
[EventType "swiss"]
[EventRounds "5"]
[EventCountry "DEN"]

1. c4 e5 2. Nc3 Nf6 3. g3 Nc6 4. Bg2 Bc5 5. d3 h6 6. e3 a6 7. Nge2 d6 8. a3 O-O
9. b4 Ba7 10. d4 exd4 11. exd4 Ne7 12. O-O d5 13. c5 c6 14. Bf4 Ng6 15. Bd6 Re8
16. Nf4 Bf5 17. a4 Bb8 18. Bxb8 Rxb8 19. Nxg6 Bxg6 20. Qb3 Ne4 21. Bxe4 Bxe4
22. Rfe1 Bf5 23. f4 Qf6 24. Re5 Rxe5 25. dxe5 Qg6 26. Ne2 f6 27. exf6 Qxf6 28.
Qc3 Qxc3 29. Nxc3 d4 30. Nb1 Re8 31. Kf2 Bg4 32. Ra2 Re3 33. Rb2 Kf7 34. h3
Bxh3 35. Nd2 Be6 36. Nf3 Rb3 37. Rxb3 Bxb3 38. a5 d3 39. Ke3 Bc2 40. Ne5+ Ke6
41. Nc4 Kf5 42. Nd6+ Kg4 43. Nxb7 Kxg3 44. Nd6 g6 45. f5 gxf5 46. Nxf5+ Kg4 47.
Nxh6+ Kg5 48. Nf7+ Kf6 49. Nd8 Ke5 50. Nxc6+ Kd5 51. Nd4 Bb1 52. Nb3 Kc4 53.
Kd2 Kd5 54. Kc3 Bc2 55. Nc1 Ke4 56. c6 Ba4 57. c7 d2 58. Kxd2 Bd7 59. b5 Bc8
60. b6 Kd4 61. Nb3+ Kc4 62. Kc2 Kb4 63. Kb2 Bb7 64. Kc2 Bc8 65. Kd3 Kxb3 66.
Kd4 Kb4 67. Kd5 Bb7+ 68. Kd6 Kb5 69. c8=Q Bxc8 70. Kd5 Kxa5 71. Kc4 Ka4 72. Kc3
Ka3 73. Kc2 Ka2 74. Kc1 a5 75. Kc2 a4 76. Kc1 Bb7 77. Kc2 a3 78. Kc1 Be4 0-1

[Event "2. Koege Weekend EMT 2021"]
[Site "Koge"]
[Date "2021.05.16"]
[Round "5"]
[White "Easwaralingam, Adesh"]
[Black "Nielsen, Viktor Haarmark"]
[Result "0-1"]
[WhiteElo "2150"]
[BlackElo "2293"]
[PlyCount "94"]
[EventDate "2021.05.14"]
[EventType "swiss"]
[EventRounds "5"]
[EventCountry "DEN"]

1. e4 e5 2. Nf3 Nc6 3. Bb5 a6 4. Ba4 Nf6 5. O-O Be7 6. d3 d6 7. c3 O-O 8. h3 b5
9. Bc2 d5 10. exd5 Qxd5 11. Re1 h6 12. Bb3 Qd6 13. Qe2 Re8 14. Nbd2 Be6 15.
Bxe6 Qxe6 16. Nxe5 Bd6 17. d4 Bxe5 18. dxe5 Nxe5 19. Qf1 Qd5 20. Nb3 Nc4 21.
Rd1 Qe5 22. Nd2 Nb6 23. Nf3 Qf5 24. b3 Nfd5 25. Qd3 Qf6 26. Bd2 c5 27. c4 bxc4
28. bxc4 Nf4 29. Bxf4 Qxf4 30. Qd6 Qxd6 31. Rxd6 Nxc4 32. Rd5 Rac8 33. Rc1 Re4
34. Kf1 g6 35. Ne1 Nb2 36. Rc2 Na4 37. f3 Rb4 38. Nd3 Rb1+ 39. Kf2 c4 40. Ra5
Nb6 41. Ne5 c3 42. Rxa6 Nd5 43. Nd3 Rd1 44. Ne5 Nb4 45. Nc6 Nxc2 46. Ne7+ Kg7
47. Nxc8 Nb4 0-1

[Event "2. Koege Weekend EMT 2021"]
[Site "Koge"]
[Date "2021.05.16"]
[Round "5"]
[White "Liu, Casper Yukun"]
[Black "Brondt, Nicolai Kvist"]
[Result "0-1"]
[WhiteElo "2127"]
[BlackElo "2270"]
[PlyCount "32"]
[EventDate "2021.05.14"]
[EventType "swiss"]
[EventRounds "5"]
[EventCountry "DEN"]

1. e4 c5 2. Nc3 e6 3. Nge2 Nc6 4. g3 Nf6 5. Bg2 Be7 6. O-O O-O 7. d4 cxd4 8.
Nxd4 d6 9. Nxc6 bxc6 10. e5 dxe5 11. Bxc6 Rb8 12. Qf3 Ba6 13. Re1 Qc7 14. Ne4
Nxe4 15. Qxe4 Rfc8 16. Ba4 Rb4 0-1

[Event "2. Koege Weekend EMT 2021"]
[Site "Koge"]
[Date "2021.05.16"]
[Round "5"]
[White "Falkesgaard, Jeppe Hald"]
[Black "Nilssen, Ellen Fredericia"]
[Result "0-1"]
[WhiteElo "1986"]
[BlackElo "2121"]
[PlyCount "64"]
[EventDate "2021.05.14"]
[EventType "swiss"]
[EventRounds "5"]
[EventCountry "DEN"]

1. c4 g6 2. Nc3 c5 3. Nf3 Bg7 4. e3 Nf6 5. Be2 O-O 6. O-O Nc6 7. b3 d5 8. cxd5
Nxd5 9. Bb2 b6 10. d4 Bb7 11. Rc1 cxd4 12. exd4 Ncb4 13. Nxd5 Nxd5 14. Bb5 Bh6
15. Rc4 Qd6 16. Ne5 Rac8 17. Bd7 Rcd8 18. Bb5 Rc8 19. Bd7 Rxc4 20. bxc4 Nf4 21.
Qb3 Bxg2 22. Re1 Ba8 23. Ba3 Qxd4 24. Bxe7 Ne2+ 25. Kf1 Qxe5 26. Bxf8 Bxf8 27.
Rxe2 Bg2+ 28. Ke1 Qa1+ 29. Qd1 Bb4+ 30. Rd2 Qxa2 31. Qe2 Qb1+ 32. Qd1 Qd3 0-1

[Event "2. Koege Weekend EMT 2021"]
[Site "Koge"]
[Date "2021.05.16"]
[Round "5"]
[White "Kakulidis, Ellen"]
[Black "Meskenas, Paulius"]
[Result "1-0"]
[WhiteElo "2103"]
[BlackElo "2062"]
[PlyCount "43"]
[EventDate "2021.05.14"]
[EventType "swiss"]
[EventRounds "5"]
[EventCountry "DEN"]

1. d4 Nf6 2. g3 d5 3. Nf3 g6 4. Bg2 Bg7 5. O-O O-O 6. Nbd2 b6 7. c4 Bb7 8. cxd5
Nxd5 9. e4 Nf6 10. Qc2 e6 11. Rd1 Nc6 12. e5 Nd5 13. a3 a5 14. Ne4 h6 15. b3
Qe7 16. h4 Kh7 17. h5 Rad8 18. hxg6+ fxg6 19. Neg5+ hxg5 20. Nxg5+ Kg8 21. Qxg6
Rfe8 22. Rd3 1-0

[Event "2. Koege Weekend EMT 2021"]
[Site "Koge"]
[Date "2021.05.16"]
[Round "5"]
[White "Moe, Mogens"]
[Black "Steenstrup, Svend"]
[Result "1-0"]
[WhiteElo "2154"]
[BlackElo "2009"]
[PlyCount "123"]
[EventDate "2021.05.14"]
[EventType "swiss"]
[EventRounds "5"]
[EventCountry "DEN"]

1. e4 c5 2. Nf3 d6 3. d4 cxd4 4. Nxd4 Nf6 5. Nc3 a6 6. Bg5 e6 7. f4 Be7 8. Qf3
Qc7 9. O-O-O Nbd7 10. Bd3 b5 11. Rhe1 Bb7 12. Bxf6 Bxf6 13. Bxb5 O-O 14. Bxd7
Qxd7 15. Qe3 h6 16. Kb1 Rab8 17. g4 Rfc8 18. g5 hxg5 19. fxg5 Be5 20. h4 Ba8
21. Rd3 Rc4 22. Nd1 Qc7 23. Re2 Qc5 24. c3 Ra4 25. b3 Qa3 26. Rb2 Bxd4 27. cxd4
Rab4 28. h5 Qa5 29. Rh2 R8b5 30. h6 Rxg5 31. d5 Qd8 32. hxg7 Kxg7 33. Qh3 Rg6
34. Qh7+ Kf8 35. Qh8+ Rg8 36. Rg3 Rxh8 37. Rxh8+ Ke7 38. Rxd8 Kxd8 39. Rg8+ Ke7
40. Rxa8 exd5 41. exd5 Kf6 42. Rxa6 Ke5 43. Nc3 f5 44. Ra8 Rh4 45. Re8+ Kd4 46.
Kc2 Rh2+ 47. Re2 Rh3 48. Rd2+ Kc5 49. Rf2 Kd4 50. Rd2+ Kc5 51. a3 Rg3 52. Rf2
Rg5 53. Rf4 Rg2+ 54. Kd1 Rg1+ 55. Ke2 Rg2+ 56. Ke3 Rg3+ 57. Rf3 Rg5 58. Kd3 Rh5
59. b4+ Kb6 60. Ne2 Kb5 61. Nc3+ Kb6 62. Rf4 1-0